T08 駅名クイズ - 第三セクター鉄道 ver. - Statistics

General Stats
  • This quiz has been taken 80 times
    10 since last reset
  • The average score is 461 of 1002
Answer Stats
Number Answer % Correct
五稜郭
100%
sh01 木古内
100%
100%
恋し浜
100%
釜石
100%
田老
100%
新田老
100%
盛岡
100%
好摩
100%
いわて沼宮内
100%
一戸
100%
二戸
100%
目時
100%
三戸
100%
三沢
100%
野辺地
100%
浅虫温泉
100%
青森
100%
福島
100%
新田
100%
あぶくま
100%
100%
鷹巣
100%
阿仁合
100%
角館
100%
羽後本荘
100%
赤湯
100%
長井
100%
西若松
100%
会津高原尾瀬口
100%
新藤原
100%
中三依温泉
100%
上三依塩原温泉口
100%
水戸
100%
大洗
100%
真岡
100%
WK01 桐生
100%
大原
100%
西大原
100%
上総中野
100%
勝田
100%
| TR01 大垣
100%
TR19 樽見
100%
1 明智
100%
11 恵那
100%
0 美濃太田
100%
7
100%
34 美濃白鳥
100%
37 北濃
100%
1 岡崎
100%
12 新豊田
100%
18 八草
100%
21 瀬戸市
100%
23 高蔵寺
100%
掛川
100%
| T26 豊岡
100%
西鹿島
100%
西大垣
100%
北大垣
100%
高岡
100%
100%
HC20
100%
鹿島サッカースタジアム
100%
宮古
80%
久慈
80%
金田一温泉
80%
八戸
80%
梁川
80%
角田
80%
阿仁マタギ
80%
矢島
80%
荒砥
80%
会津長野
80%
会津田島
80%
川治湯元
80%
男鹿高原
80%
東水戸
80%
新鉾田
80%
鹿島大野
80%
下館
80%
北真岡
80%
益子
80%
茂木
80%
WK05 大間々
80%
WK16 足尾
80%
大多喜
80%
那珂湊
80%
TR06 北方真桑
80%
TR07 モレラ岐阜
80%
TR09 本巣
80%
TR12 谷汲口
80%
TR17 高尾
80%
4 花白温泉
80%
11 美濃市
80%
18 みなみ子宝温泉
80%
25 郡上八幡
80%
4 北岡崎
80%
6 北野桝塚
80%
10 三河豊田
80%
11 新上挙母
80%
13 愛環梅坪
80%
19 山口
80%
20 瀬戸口
80%
22 中水野
80%
掛川市役所前
80%
遠州森
80%
天竜二俣
80%
二俣本町
80%
浜名湖佐久米
80%
アスモ前
80%
新所原
80%
あすなろう四日市
80%
日永
80%
80%
内部
80%
西日野
80%
桑名
80%
養老
80%
揖斐
80%
伊賀上野
80%
上野市
80%
七尾
80%
和倉温泉
80%
ほくほく大島
80%
軽井沢
80%
中軽井沢
80%
テクノさかき
80%
坂城
80%
篠ノ井
80%
長野
80%
北長野
80%
豊野
80%
妙高高原
80%
上越妙高
80%
高田
80%
直江津
80%
筒石
80%
能生
80%
えちご押上ひすい海岸
80%
糸魚川
80%
青海
80%
市振
80%
越中宮崎
80%
入善
80%
魚津
80%
滑川
80%
新富山口
80%
富山
80%
呉羽
80%
高岡やぶなみ
80%
西高岡
80%
石動
80%
倶利伽羅
80%
金沢
80%
西金沢
80%
野々市
80%
松任
80%
西松任
80%
能美根上
80%
小松
80%
加賀温泉
80%
大聖寺
80%
細呂木
80%
芦原温泉
80%
| E1 福井
80%
越前花堂
80%
鯖江
80%
武生
80%
しきぶ
80%
南条
80%
今庄
80%
南今庄
80%
敦賀
80%
C15 富山駅
80%
C39 岩瀬浜
80%
高岡駅
80%
新能町
80%
東新湊
80%
越ノ潟
80%
12
80%
F9 二俣
80%
TK40 中村
80%
TK47 宿毛
80%
GN21 奈半利
80%
GN27 安芸
80%
GN39 後免町
80%
GN40 後免
80%
HC10 金田
80%
やながわ希望の森公園前
80%
sh10 東久根別
60%
sh09 久根別
60%
sh07 上磯
60%
大槌
60%
滝沢
60%
東青森
60%
筒井
60%
福島学院前
60%
丸森
60%
南角田
60%
槻木
60%
阿仁前田温泉
60%
笑内
60%
南陽市役所
60%
おりはた
60%
今泉
60%
塔のへつり
60%
会津荒海
60%
会津山村道場
60%
川治温泉
60%
湯西川温泉
60%
涸沼
60%
鹿島灘
60%
下館二高前
60%
ひぐち
60%
天矢場
60%
WK03 相老
60%
WK04 運動公園
60%
WK17 間藤
60%
上総東
60%
東総元
60%
総元
60%
工機前
60%
阿字ヶ浦
60%
TR13 神海
60%
5 岩村
60%
8 阿木
60%
3 富加
60%
6 せきてらす前
60%
8 関市役所前
60%
9 関下有知
60%
17 八坂
60%
22 | HC8 赤池
60%
27 山田
60%
29 郡上大和
60%
3 中岡崎
60%
7 三河上郷
60%
西掛川
60%
いこいの広場
60%
細谷
60%
原谷
60%
原田
60%
森町病院前
60%
円田
60%
遠江一宮
60%
敷地
60%
岩水寺
60%
フルーツパーク
60%
都田
60%
常葉大学前
60%
気賀
60%
三ヶ日
60%
奥浜名湖
60%
尾奈
60%
赤堀
60%
南日永
60%
追分
60%
播磨
60%
多度
60%
北神戸
60%
池野
60%
北池野
60%
新居
60%
四十九
60%
猪田道
60%
伊賀神戸
60%
能登中島
60%
能登鹿島
60%
穴水
60%
六日町
60%
美佐島
60%
十日町
60%
まつだい
60%
虫川大杉
60%
犀潟
60%
御代田
60%
小諸
60%
上田
60%
西上田
60%
屋代
60%
屋代高校前
60%
黒姫
60%
二本木
60%
新井
60%
春日山
60%
谷浜
60%
名立
60%
西入善
60%
黒部
60%
東滑川
60%
東富山
60%
越中大門
60%
津幡
60%
森本
60%
東金沢
60%
美川
60%
小舞子
60%
明峰
60%
粟津
60%
動橋
60%
牛ノ谷
60%
丸岡
60%
春江
60%
大土呂
60%
北鯖江
60%
王子保
60%
C36 荻浦小学校前
60%
C37 東岩瀬
60%
C38 競輪場前
60%
末広町
60%
急患医療センター前
60%
米島口
60%
能町口
60%
中伏木
60%
六渡寺
60%
中新湊
60%
海王丸
60%
E2 新福井
60%
E3 福井口
60%
E4 越前開発
60%
E12 永平寺口
60%
E21 発坂
60%
E23 勝山
60%
E27 福大前西福井
60%
E32 鷲塚針原
60%
E34 西春江ハートピア
60%
E35 西長田ゆりの里
60%
E36 下兵庫こうふく
60%
E40 あわら湯のまち
60%
E42 三国神社
60%
E43 三国
60%
E44 三国港
60%
3 河原田
60%
4 鈴鹿
60%
6 鈴鹿サーキット稲生
60%
F1 福知山
60%
F7 大江
60%
14 宮津
60%
T18 京丹後大宮
60%
貴生川
60%
信楽
60%
粟生
60%
法華口
60%
北条町
60%
郡家
60%
若桜
60%
上郡
60%
あわくら温泉
60%
総社
60%
清音
60%
井原
60%
湯野
60%
川西
60%
清流新岩国
60%
錦町
60%
TK26 窪川
60%
TK27 若井
60%
TK46 東宿毛
60%
GN22 田野
60%
GN27-1 あき総合病院前
60%
GN28 球場前
60%
GN35 あかおか
60%
HC3 あかぢ
60%
HC15 田川伊田
60%
HC30 令和コスタ行橋
60%
HC31 行橋
60%
HC53 糸田
60%
HC55 田川後藤寺
60%
基山
60%
大刀洗
60%
高田
60%
甘木
60%
有田
60%
西有田
60%
伊万里
60%
松浦
60%
長者ヶ浜潮騒はまなす公園前
60%
C26 オークスカナルパークホテル富山前
60%
C28 龍谷富山高校前(永楽町)
60%
C31 粟島(大阪屋ショップ前)
60%
第一イン新湊 クロスベイ前
60%
sh11 七重浜
40%
綾里
40%
三陸
40%
吉里吉里
40%
陸中山田
40%
八木沢・宮古短大
40%
山口団地
40%
摂待
40%
岩泉小本
40%
田野畑
40%
普代
40%
白井海岸
40%
野田玉川
40%
陸中野田
40%
陸中宇部
40%
青山
40%
渋民
40%
小鳥谷
40%
下田
40%
千曳
40%
西平内
40%
卸町
40%
瀬上
40%
向瀬上
40%
40%
東船岡
40%
西鷹巣
40%
縄文小ヶ田
40%
大野台
40%
八津
40%
梨郷
40%
南長井
40%
門田
40%
あまや
40%
芦ノ牧温泉
40%
大川ダム公園
40%
芦ノ牧温泉南
40%
湯野上温泉
40%
会津下郷
40%
養鱒公園
40%
田島高校前
40%
七ヶ岳登山口
40%
龍王峡
40%
常澄
40%
鹿島旭
40%
大洋
40%
荒野台
40%
折本
40%
久下田
40%
市塙
40%
WK06 上神梅
40%
WK07 本宿
40%
WK10 中野
40%
WK12 神戸
40%
WK15 通洞
40%
高田の鉄橋
40%
殿山
40%
美乃浜学園
40%
TR02 東大垣
40%
TR03 横屋
40%
TR04 十九条
40%
TR05 美江寺
40%
TR08 糸貫
40%
TR10 織部
40%
TR11 木知原
40%
TR14 高科
40%
TR15 鍋原
40%
TR16 日当
40%
TR18 水鳥
40%
2 野志
40%
3 山岡
40%
6 極楽
40%
7 飯羽間
40%
9 飯沼
40%
10 東野
40%
1 前平公園
40%
2 加茂野
40%
4 関富岡
40%
5 関口
40%
10 松森
40%
12 梅山
40%
13 湯の洞温泉口
40%
14 洲原
40%
15 母野
40%
16 木尾
40%
19 大矢
40%
20 福野
40%
21 美並苅安
40%
23 深戸
40%
24 相生
40%
28 徳永
40%
30 万場
40%
31 上万場
40%
32 大中
40%
33 大島
40%
35 白鳥高原
40%
36 白山長滝
40%
2 六名
40%
5 大門
40%
8 永覚
40%
9 末野原
40%
14 四郷
40%
15 貝津
40%
16 保見
40%
17 篠原
40%
桜木
40%
戸綿
40%
上野部
40%
宮口
40%
金指
40%
岡地
40%
西気賀
40%
寸座
40%
東都筑
40%
都筑
40%
知波田
40%
大森
40%
小古曽
40%
下深谷
40%
下野代
40%
美濃松山
40%
石津
40%
美濃山崎
40%
駒野
40%
美濃津屋
40%
美濃高田
40%
烏江
40%
大鳥羽
40%
友江
40%
美濃青柳
40%
40%
東赤坂
40%
広神戸
40%
美濃本郷
40%
西大手
40%
広小路
40%
茅町
40%
桑町
40%
市部
40%
依那古
40%
丸山
40%
上林
40%
比土
40%
田鶴浜
40%
笠師保
40%
西岸
40%
魚沼丘陵
40%
しんざ
40%
うらがわら
40%
くびき
40%
滋野
40%
田中
40%
信濃国分寺
40%
千曲
40%
三才
40%
牟礼
40%
関山
40%
北新井
40%
南高田
40%
有間川
40%
梶屋敷
40%
親不知
40%
生地
40%
水橋
40%
小杉
40%
福岡
40%
俱利伽羅
40%
加賀笠間
40%
森田
40%
湯尾
40%
C27 インテック本社前
40%
C29 奥田中学校前
40%
C30 下奥井
40%
C32 越中中島
40%
C33 城川原
40%
C34 犬島新町
40%
片原町
40%
坂下町
40%
志貴野中学校前
40%
市民病院前
40%
江尻
40%
旭ヶ丘
40%
荻布
40%
新吉久
40%
吉久
40%
庄川口
40%
新町口
40%
E6 追分口
40%
E11 志井堺
40%
E13 下志比
40%
E15
40%
E16 越前野中
40%
E17 山王
40%
E22 比島
40%
E26 田原町
40%
E28 日華化学前
40%
E30 新田塚
40%
E31 中角
40%
仁愛グランド前
40%
E33 太郎丸エンゼルランド
40%
5 玉垣
40%
11 東一身田
40%
F2 福知山市民病院口
40%
F6 公庄
40%
F8 大江高校前
40%
F10 大江山口内宮
40%
F11 辛皮
40%
F12 喜多
40%
T15 天橋立
40%
T17 与謝野
40%
T21 夕日ヶ浦木津温泉
40%
M8 西舞鶴
40%
M11 丹後神崎
40%
M12 丹後由良
40%
紫香楽宮跡
40%
雲井
40%
勅旨
40%
玉桂寺前
40%
田原
40%
播磨横田
40%
八頭高校前
40%
40%
佐用
40%
恋山形
40%
智頭
40%
吉備真備
40%
早雲の里荏原
40%
いずえ
40%
子守唄の里高屋
40%
御領
40%
神辺
40%
清流みはらし
40%
海部
40%
宍喰
40%
甲浦
40%
TK28 荷稲
40%
TK29 伊与喜
40%
TK30 土佐佐賀
40%
TK31 佐賀公園
40%
TK33 有井川
40%
TK34 土佐上川口
40%
TK35 海の王迎
40%
TK36 浮鞭
40%
TK37 土佐入野
40%
TK41 具同
40%
TK42 国見
40%
TK43 有岡
40%
TK44 工業団地
40%
GN23 安田
40%
GN25 下山
40%
GN26 伊尾木
40%
GN29 穴内
40%
GN31 和食
40%
GN33 夜須
40%
GN34 香我美
40%
GN36 よしかわ
40%
GN37 のいち
40%
HC1 直方
40%
HC21 油須原
40%
HC22 源じいの森
40%
HC25 東犀川三四郎
40%
HC28 今川河童
40%
立野
40%
小郡
40%
調川
40%
松浦発電所前
40%
たびら平戸口
40%
大学
40%
中佐世保
40%
佐世保中央
40%
佐世保
40%
高森
40%
14 湯前
40%
OR01 八代
40%
OR12 新水俣
40%
OR13 水俣
40%
OR28 川内
40%
C35 蓮町(馬場記念公園前)
40%
sh08 清川口
20%
sh06 茂辺地
20%
sh05 渡島当別
20%
sh04 釜谷
20%
sh03 泉沢
20%
sh02 札苅
20%
陸前赤崎
20%
甫嶺
20%
吉浜
20%
唐丹
20%
| TK45 平田
20%
両石
20%
鵜住居
20%
浪板海岸
20%
岩手船越
20%
織笠
20%
豊間根
20%
払川
20%
津軽石
20%
磯鶏
20%
一の渡
20%
佐羽根
20%
島越
20%
堀内
20%
十府ヶ浦海岸
20%
厨川
20%
巣子
20%
岩手川口
20%
御堂
20%
奥中山高原
20%
小繋
20%
斗米
20%
諏訪ノ平
20%
剣吉
20%
苫米地
20%
北高岩
20%
陸奥市川
20%
向山
20%
小川原
20%
上北町
20%
乙供
20%
狩場沢
20%
清水川
20%
小湊
20%
野内
20%
矢田前
20%
小柳
20%
高子
20%
上保原
20%
保原
20%
大泉
20%
二井田
20%
富野
20%
北丸森
20%
横倉
20%
合川
20%
上杉
20%
米内沢
20%
桂瀬
20%
前田南
20%
小渕
20%
荒瀬
20%
萱草
20%
岩野目
20%
比立内
20%
奥阿仁
20%
戸沢
20%
上桧木内
20%
左通
20%
羽後中里
20%
松葉
20%
羽後長戸呂
20%
西明寺
20%
羽後太田
20%
薬師堂
20%
子吉
20%
鮎川
20%
黒沢
20%
曲沢
20%
前郷
20%
久保田
20%
西滝沢
20%
吉沢
20%
川辺
20%
宮内
20%
西大塚
20%
時庭
20%
あやめ公園
20%
羽前成田
20%
白兎
20%
蚕桑
20%
鮎貝
20%
四季の郷
20%
南若松
20%
弥五島
20%
ふるさと公園
20%
中荒井
20%
徳宿
20%
北浦湖畔
20%
寺内
20%
西田井
20%
北山
20%
七井
20%
多田羅
20%
笹原田
20%
WK02 下新田
20%
WK08 水沼
20%
WK09 花輪
20%
WK11 小中
20%
WK13 沢入
20%
WK14 原向
20%
新田野
20%
国吉
20%
上総中川
20%
城見ヶ丘
20%
小谷松
20%
久我原
20%
西畑
20%
金上
20%
中根
20%
平磯
20%
磯崎
20%
26 自然園前
20%
大池いこいの森
20%
信濃追分
20%
平原
20%
大屋
20%
戸倉
20%
古間
20%
浦本
20%
E5 越前新保
20%
E7 東藤島
20%
E8 越前島橋
20%
E9 観音町
20%
E10 松岡
20%
E14 光明寺
20%
E18 越前竹原
20%
E19 小舟渡
20%
E20 保田
20%
E24 まつもと町屋
20%
E25 西別院
20%
E29 八ツ島
20%
E37 大関
20%
E38 本荘
20%
E39 番田
20%
E41 水居
20%
7 徳田
20%
8 中瀬古
20%
9 伊勢上野
20%
10 河芸
20%
F3 荒河かしの木台
20%
F4
20%
F5 下天津
20%
F13 宮村
20%
T16 岩滝口
20%
T19 峰山
20%
T20 網野
20%
T22 小天橋
20%
T23 かぶと山
20%
T24 久美浜
20%
T25 コウノトリの郷
20%
M9 四所
20%
M10 東雲
20%
M13 粟田
20%
網引
20%
播磨下里
20%
因幡船岡
20%
安部
20%
八東
20%
徳丸
20%
丹比
20%
苔縄
20%
河野原円心
20%
久崎
20%
平福
20%
石井
20%
宮本武蔵
20%
西粟倉
20%
山郷
20%
川辺宿
20%
備中呉妹
20%
三谷
20%
矢掛
20%
小田
20%
守内かさ神
20%
南河内
20%
行波
20%
北河内
20%
椋野
20%
南桑
20%
根笠
20%
河山
20%
柳瀬
20%
TK32 土佐白浜
20%
TK38 西大方
20%
TK39 古津賀
20%
GN24 唐浜
20%
GN30 赤野
20%
GN32 西分
20%
GN38 立田
20%
HC2 南直方御殿口
20%
HC4 藤棚
20%
HC5 中泉
20%
HC6 市場
20%
HC7 ふれあい生力
20%
HC9 人見
20%
HC11 上金田
20%
HC12
20%
HC13 田川市立病院
20%
HC14 下伊田
20%
HC16 上伊田
20%
HC17 勾金
20%
HC18 柿下温泉口
20%
HC19 内田
20%
HC23 崎山
20%
HC24 犀川
20%
HC26 新豊津
20%
HC27 豊津
20%
HC29 美夜古泉
20%
HC51 豊前大熊
20%
HC52 松山
20%
HC54 大藪
20%
大板井
20%
松崎
20%
今隈
20%
西太刀洗
20%
山隈
20%
三代橋
20%
黒川
20%
蔵宿
20%
大木
20%
山谷
20%
夫婦石
20%
金武
20%
川東
20%
東山代
20%
20%
楠久
20%
鳴石
20%
久原
20%
波瀬
20%
浦ノ崎
20%
福島口
20%
今福
20%
鷹島口
20%
前浜
20%
いのつき
20%
神田
20%
佐々
20%
阿蘇下田城
20%
1 人吉温泉
20%
4 肥後西村
20%
5 一武
20%
7 おかどめ幸福
20%
8 あさぎり
20%
OR03 日奈久温泉
20%
OR06 たのうら御立岬公園
20%
OR15 米ノ津
20%
OR16 出水
20%
OR21 阿久根
20%
南阿蘇水の生まれる里 白水高原
20%
御厨
0%
西木場
0%
東田平
0%
中田平
0%
西田平
0%
すえたちばな
0%
江迎鹿町
0%
高岩
0%
潜竜ヶ滝
0%
吉井
0%
清峰高校前
0%
小浦
0%
真申
0%
棚方
0%
相浦
0%
上相浦
0%
本山
0%
中里
0%
皆瀬
0%
野中
0%
左石
0%
泉福寺
0%
山の田
0%
北佐世保
0%
長陽
0%
加勢
0%
中松
0%
阿蘇白川
0%
南阿蘇白川水源
0%
見晴台
0%
2 相良藩願成寺
0%
3 川村
0%
6 木上
0%
9 東免田
0%
10 公立病院前
0%
11 多良木
0%
12 東多良木
0%
13 新鶴羽
0%
OR02 肥後高田
0%
OR04 肥後二見
0%
OR05 上田浦
0%
OR07 肥後田浦
0%
OR08 海浦
0%
OR09 佐敷
0%
OR10 湯浦
0%
OR11 津奈木
0%
OR14
0%
OR17 西出水
0%
OR18 高尾野
0%
OR19 野田郷
0%
OR20 折口
0%
OR22 牛ノ浜
0%
OR23 薩摩大川
0%
OR24 西方
0%
OR25 薩摩高城
0%
OR26 草道
0%
OR27 上川内
0%
No matching quizzes found
Score Distribution
Percent of People with Each Score
Percentile by Number Answered
Your Score History
You have not taken this quiz since the last reset